[Event "EU-ch U16 Girls 30th"]
[Site "Antalya"]
[Date "2022.11.11"]
[Round "6"]
[White "Pohle, Saskia"]
[Black "Barwinska, Ewa"]
[Result "0-1"]
[WhiteElo "1731"]
[BlackElo "1989"]
[PlyCount "87"]
[EventDate "2022.11.06"]
[EventType "swiss"]
[EventRounds "9"]
[EventCountry "TUR"]
[SourceTitle "EXT 2024"]
[Source "ChessBase"]
[SourceDate "2023.10.10"]
[SourceVersion "1"]
[SourceVersionDate "2023.10.10"]
[SourceQuality "1"]

1. e4 c6 2. Nf3 d5 3. Nc3 Bg4 4. h3 Bxf3 5. Qxf3 Nf6 6. d3 e5 7. exd5 Nxd5 8. Qg3 Nd7 9. Bd2 Qb6 10. 0-0-0 0-0-0 11. d4 exd4 12. Nxd5 cxd5 13. Bf4 g6 14. Be5 Nxe5 15. Qxe5 Bc5 16. g3 Qe6 17. Qg5 f6 18. Qd2 Kb8 19. Bg2 Rhe8 20. Rhe1 Qd6 21. Qh6 Re7 22. Bf3 d3 23. Rxe7 Qxe7 24. Rxd3 Bxf2 25. Qf4+ Ka8 26. Qd2 Bxg3 27. Bxd5 Bc7 28. c3 g5 29. Qg2 Bf4+ 30. Kc2 Re8 31. Bf3 Rb8 32. Be4 h5 33. Rd5 Re8 34. Bf3 Qh7+ 35. Kb3 Qf7 36. Kc2 Qh7+ 37. Kb3 Rb8 38. Be4 Qc7 39. Ka3 a6 40. Bd3 Ka7 41. Qe4 Be5 42. Qc4 h4 43. Be4 Qxc4 44. b3 0-1

[Event "Sachsen-Anhalt-ch op"]
[Site "Magdeburg"]
[Date "2022.11.01"]
[Round "7"]
[White "Hoffmann, Siegfried"]
[Black "Pohle, Saskia"]
[Result "1-0"]
[WhiteElo "1519"]
[BlackElo "1777"]
[PlyCount "63"]
[EventDate "2022.10.29"]
[EventType "swiss"]
[EventRounds "7"]
[EventCountry "GER"]
[SourceTitle "CBM 211 Extra"]
[Source "ChessBase"]
[SourceDate "2023.01.31"]
[SourceVersion "1"]
[SourceVersionDate "2023.01.31"]
[SourceQuality "1"]

1. e4 e5 2. Nc3 Nf6 3. g3 Bc5 4. Bg2 Nc6 5. Nge2 d6 6. Na4 Bb6 7. Nxb6 axb6 8. 0-0 Be6 9. f4 exf4 10. gxf4 Qe7 11. f5 Bd7 12. Nc3 Qe5 13. d3 h6 14. Be3 Nd4 15. Kh1 0-0-0 16. Ne2 Nxe2 17. Qxe2 g6 18. fxg6 fxg6 19. Qf3 Rdf8 20. d4 Qe6 21. d5 Qe5 22. Bf4 Qe8 23. Qa3 Kd8 24. Bxd6 cxd6 25. Qxd6 Qe7 26. Qb8+ Bc8 27. d6 Qd7 28. e5 Ne8 29. Qa7 Qb5 30. c4 Qa5 31. Qb8 Qa6 32. d7 1-0

[Event "Reinstorf op"]
[Site "Reinstorf"]
[Date "2022.01.31"]
[Round "3"]
[White "Pohle, Saskia"]
[Black "Brandt, Marc"]
[Result "1-0"]
[WhiteElo "1824"]
[BlackElo "1421"]
[PlyCount "119"]
[EventDate "2022.01.29"]
[EventType "swiss"]
[EventRounds "9"]
[EventCountry "GER"]
[SourceTitle "CBM 206 Extra"]
[Source "ChessBase"]
[SourceDate "2022.03.31"]
[SourceVersion "1"]
[SourceVersionDate "2022.03.31"]
[SourceQuality "1"]

1. e4 e6 2. d4 g6 3. Nc3 Bg7 4. Be3 b6 5. g3 Bb7 6. Bg2 d6 7. Nge2 Ne7 8. Qd2 h6 9. 0-0-0 Nd7 10. f4 Nf8 11. Bh3 c6 12. Rhf1 Qc7 13. Kb1 0-0-0 14. d5 Kb8 15. dxc6 Bxc6 16. Nd4 Bb7 17. f5 exf5 18. exf5 gxf5 19. Nxf5 Nxf5 20. Rxf5 Bxc3 21. Qxc3 Qxc3 22. bxc3 Bc8 23. Rh5 Bxh3 24. Rxh3 h5 25. g4 h4 26. Bg5 Re8 27. Rxh4 Rg8 28. Bf4 Kb7 29. Bxd6 Ne6 30. Bg3 Nc5 31. Rd4 Ne4 32. Rd3 Nc5 33. Rf3 Re7 34. Rh7 Ka6 35. Rfxf7 Re6 36. Rxa7+ Kb5 37. Rae7 Rf6 38. Rhf7 Rfg6 39. h3 Rh8 40. Rf4 Rxh3 41. Rb4+ Ka6 42. Bb8 Nb7 43. c4 Ka5 44. Rb5+ Ka6 45. Rb3 Rxb3+ 46. cxb3 Rxg4 47. Kb2 Rg8 48. Bc7 Rg6 49. Kc3 Rh6 50. b4 Rg6 51. Bb8 b5 52. cxb5+ Kb6 53. a4 Rh6 54. Bc7+ Ka7 55. b6+ Ka6 56. Re8 Nd6 57. b5+ Nxb5+ 58. axb5+ Kxb5 59. b7 Rc6+ 60. Kb3 1-0

[Event "GER-ch U14 Girls"]
[Site "Willingen"]
[Date "2021.08.29"]
[Round "9"]
[White "Voigt, Anastasia"]
[Black "Pohle, Saskia"]
[Result "1-0"]
[WhiteElo "1737"]
[BlackElo "1755"]
[PlyCount "77"]
[EventDate "2021.08.22"]
[EventType "swiss"]
[EventRounds "9"]
[EventCountry "GER"]
[SourceTitle "EXT 2022"]
[Source "ChessBase"]
[SourceDate "2021.10.06"]
[SourceVersion "1"]
[SourceVersionDate "2021.10.06"]
[SourceQuality "1"]

1. e4 e5 2. Nf3 Nc6 3. Bc4 Nf6 4. d3 Be7 5. 0-0 0-0 6. Re1 d6 7. a4 Na5 8. Ba2 c5 9. c3 Nc6 10. Na3 a6 11. Bd2 Be6 12. Nc2 Bxa2 13. Rxa2 d5 14. Ra1 Qd6 15. Bg5 b5 16. exd5 Nxd5 17. Bxe7 Ndxe7 18. d4 exd4 19. cxd4 c4 20. Qd2 h6 21. Rad1 Rfd8 22. Qe2 Nd5 23. Ne5 Ncb4 24. Nxb4 Nxb4 25. Qh5 Ra7 26. Rd2 Qd5 27. Qh4 f6 28. Ng6 Qf7 29. Qg4 Nd3 30. Re6 Nc5 31. Rc6 Nb3 32. Rd1 Rad7 33. d5 Re8 34. d6 Qd5 35. Rc8 Qxd1+ 36. Qxd1 Rxc8 37. Ne7+ Rxe7 38. dxe7 Re8 39. Qd5+ 1-0

[Event "GER-ch U14 Girls"]
[Site "Willingen"]
[Date "2021.08.27"]
[Round "7"]
[White "Pohle, Saskia"]
[Black "Peglau, Charis"]
[Result "1/2-1/2"]
[WhiteElo "1755"]
[BlackElo "1827"]
[PlyCount "50"]
[EventDate "2021.08.22"]
[EventType "swiss"]
[EventRounds "9"]
[EventCountry "GER"]
[SourceTitle "EXT 2022"]
[Source "ChessBase"]
[SourceDate "2021.10.06"]
[SourceVersion "1"]
[SourceVersionDate "2021.10.06"]
[SourceQuality "1"]

1. e4 c6 2. d4 d5 3. Nc3 dxe4 4. Nxe4 Bf5 5. Ng3 Bg6 6. Nf3 Nd7 7. Bc4 Ngf6 8. 0-0 e6 9. Re1 Be7 10. c3 0-0 11. Nh4 Nb6 12. Bb3 Qc7 13. Nxg6 hxg6 14. Qf3 Rfd8 15. Bg5 Nfd5 16. Bxe7 Qxe7 17. Rad1 Qf6 18. Qe2 Rac8 19. Ne4 Qe7 20. Nc5 Re8 21. Qf3 Qc7 22. Nd3 Nd7 23. Re2 Qd6 24. Red2 Qe7 25. h3 Qf6 1/2-1/2

[Event "GER-chT Christmas U20 Girls"]
[Site "Playchess.com INT"]
[Date "2020.12.29"]
[Round "7.1"]
[White "Pohle, Saskia"]
[Black "Moeller, Lisa Marie"]
[Result "1-0"]
[WhiteElo "1815"]
[BlackElo "1900"]
[PlyCount "67"]
[EventDate "2020.12.29"]
[EventType "team-swiss (blitz)"]
[EventRounds "7"]
[EventCountry "GER"]
[SourceTitle "CBM 200 Extra"]
[Source "ChessBase"]
[SourceDate "2021.03.31"]
[SourceVersion "1"]
[SourceVersionDate "2021.03.31"]
[SourceQuality "1"]
[WhiteTeam "Magdeburg Schachzwerge"]
[BlackTeam "Duesseldorf"]
[WhiteTeamCountry "GER"]
[BlackTeamCountry "GER"]

1. e4 c5 2. Nf3 e6 3. d4 cxd4 4. Nxd4 a6 5. c4 Nf6 6. Nc3 Qc7 7. Be3 Bb4 8. f3 0-0 9. Qd2 d5 10. exd5 exd5 11. 0-0-0 dxc4 12. g4 Nd5 13. h4 Nxe3 14. Qxe3 Bd6 15. Kb1 b5 16. Qe4 Bb7 17. Nd5 Nd7 18. Nxc7 Bxe4+ 19. fxe4 Bxc7 20. Nxb5 axb5 21. Rxd7 Bf4 22. Be2 Ra5 23. Rf1 Be5 24. Rfd1 Bg3 25. R1d5 Bxh4 26. Bxc4 Ra4 27. b3 Rb4 28. Rxb5 Rxb5 29. Bxb5 Rd8 30. Rb7 h6 31. Bc4 Rd1+ 32. Kc2 Re1 33. a4 Rxe4 34. Rb8+ 1-0

[Event "GER-chT Christmas U20 Girls"]
[Site "Playchess.com INT"]
[Date "2020.12.29"]
[Round "4.1"]
[White "Ruckes, Lilly"]
[Black "Pohle, Saskia"]
[Result "0-1"]
[WhiteElo "845"]
[BlackElo "1815"]
[PlyCount "36"]
[EventDate "2020.12.29"]
[EventType "team-swiss (blitz)"]
[EventRounds "7"]
[EventCountry "GER"]
[SourceTitle "CBM 200 Extra"]
[Source "ChessBase"]
[SourceDate "2021.03.31"]
[SourceVersion "1"]
[SourceVersionDate "2021.03.31"]
[SourceQuality "1"]
[WhiteTeam "Magdeburg Schachzwerge II"]
[BlackTeam "Magdeburg Schachzwerge"]
[WhiteTeamCountry "GER"]
[BlackTeamCountry "GER"]

1. e4 e5 2. Nf3 Nc6 3. Bc4 Nf6 4. 0-0 Be7 5. d4 exd4 6. Nxd4 Nxe4 7. Qg4 d5 8. Qxg7 Bf6 9. Qh6 Nxd4 10. Bd3 Be6 11. Re1 Qe7 12. Bxe4 dxe4 13. Rxe4 Nxc2 14. Bd2 0-0-0 15. Na3 Nxa1 16. Nb5 Kb8 17. Bb4 Qxb4 18. Rxb4 Rd1# 0-1